00703nam a2200241 a 4500001001300000003000900013005001700022008004100039020001000080082001500090100001600105245003200121260004200153300000900195500003500204505002500239650003500264700001600299902000800315942000700323952011600330999001500446nice12345678IN_TiNIC20260116012653.0050524s1979 cana grp 000 0 eng  ac10000a227.7bHAR aHarlow, R E aColossiansb Christ in You. aCanadabEvery Day Publications c1979 a32p. aincludes index and biblioraphy2 aBibliograpphy, Index aBible N.T. Epistles Colossians1 aHarlow, R E bSRS cBK 001040708StackRoom-aHMIbHMId2007-06-21g100.00l0o227.7 HARp010532r2007-06-21v100.00w2005-05-24yBK c7880d7880